Missing Word: Places in Movies II Quiz Stats

 Plays Quiz Updated Oct 17, 2013

Support Sporcle.
Go Orange.
Score 0/16 Timer 02:00
0 Plays Today
Movie Title Missing Word % Correct
______ Jones and the Last CrusadeIndiana
96.1%
Sweet Home ______Alabama
94.5%
Gangs of ____ ____New York
92.7%
A Passage to ______India
92.6%
Who's Afraid of ______ Woolf?Virginia
89.5%
The Bridges of ______ CountyMadison
77.2%
Leaving ___ ______Las Vegas
71.6%
Raising _____Arizona
67.1%
Movie Title Missing Word % Correct
Midnight in ______ Paris
62.5%
Out of ______ Africa
62.5%
Hotel ______ Rwanda
58.7%
North _____ FortyDallas
34.2%
Once Upon a Time in ______ America
33.9%
The ______ StoryPhiladelphia
28.5%
_____ GirlJersey
26%
The Battle of ______Algiers
3.9%

Today's Daily Dose

Missing Word
'80s Musicals

Word Ladder
Hereditary

Get the Picture
Food Names

From the Vault

12 Ways Not to Spell 'Raven'

by timmylemoine1

Language 90s
We're not sure if this quiz would make Edgar Allan Poe depressed or elated.
Remove Ads.
Support Sporcle.
Get the best of Sporcle when you Go Orange. This ad-free experience offers more features, more stats, and more fun while also helping to support Sporcle. Thank you for becoming a member.

Show Comments

Extras

Top Quizzes Today


Score Distribution

Your Account Isn't Verified!

In order to create a playlist on Sporcle, you need to verify the email address you used during registration. Go to your Sporcle Settings to finish the process.

Report this User

Report this user for behavior that violates our Community Guidelines.

Details: